[Event "Nuremberg Zabo op 23rd"]
[Site "Nuremberg"]
[Date "2023.09.17"]
[Round "5"]
[White "Mankus, Siegfried"]
[Black "Schaefer, Ann Kathrin"]
[Result "0-1"]
[WhiteElo "1539"]
[BlackElo "1671"]
[PlyCount "120"]
[EventDate "2023.09.15"]
[EventType "swiss"]
[EventRounds "5"]
[EventCountry "GER"]
[SourceTitle "EXT 2024"]
[Source "ChessBase"]
[SourceDate "2023.10.10"]
[SourceVersion "1"]
[SourceVersionDate "2023.10.10"]
[SourceQuality "1"]

1. d4 Nf6 2. Nf3 g6 3. Bg5 Bg7 4. c3 d6 5. Nbd2 0-0 6. e4 Nbd7 7. Bc4 c5 8. dxc5 Nxc5 9. Bxf6 Bxf6 10. 0-0 a6 11. a3 b5 12. Ba2 Bb7 13. Qc2 Qc7 14. Rfe1 Rac8 15. Rad1 Rfd8 16. Bd5 e6 17. Bxb7 Qxb7 18. Nf1 Rc7 19. e5 dxe5 20. Rxd8+ Bxd8 21. Nxe5 Bf6 22. Nf3 Rd7 23. Rd1 Rxd1 24. Qxd1 Na4 25. Qc2 Qd5 26. Ne3 Qa2 27. c4 Qa1+ 28. Nf1 Bxb2 29. cxb5 axb5 30. Qb3 Nc3 31. g3 Qxa3 32. Qxa3 Bxa3 33. Nd4 Bd6 34. Nd2 e5 35. N4b3 f5 36. f3 Kf7 37. Kf2 Ke6 38. Nf1 b4 39. Ke3 Kd5 40. Nfd2 Na4 41. Kd3 Nc5+ 42. Nxc5 Bxc5 43. g4 fxg4 44. fxg4 Bd4 45. Ne4 h6 46. Nf6+ Kc5 47. Ng8 h5 48. gxh5 gxh5 49. Nf6 h4 50. h3 b3 51. Kd2 Kc4 52. Ne4 Kb4 53. Kc1 Ka3 54. Kb1 b2 55. Ng5 Bc3 56. Nf3 e4 57. Nxh4 e3 58. Nf3 e2 59. h4 e1Q+ 60. Nxe1 Bxe1 0-1

[Event "Nuremberg op"]
[Site "Nuremberg"]
[Date "2019.11.17"]
[Round "5"]
[White "Mankus, Siegfried"]
[Black "Albayrak, Aylin"]
[Result "0-1"]
[WhiteElo "1447"]
[BlackElo "1673"]
[PlyCount "64"]
[EventDate "2019.11.15"]
[EventType "swiss"]
[EventRounds "5"]
[EventCountry "GER"]
[SourceTitle "CBM 193 Extra"]
[Source "ChessBase"]
[SourceDate "2020.01.31"]
[SourceVersion "1"]
[SourceVersionDate "2020.01.31"]
[SourceQuality "1"]

1. d4 d5 2. Nf3 Nf6 3. e3 Bg4 4. Be2 e6 5. 0-0 Nbd7 6. Ne5 Bxe2 7. Qxe2 Bd6 8. f4 0-0 9. Nd2 c5 10. c4 cxd4 11. exd4 dxc4 12. Ndxc4 Bb8 13. a4 Nd5 14. f5 exf5 15. Rxf5 N7f6 16. Bg5 Re8 17. Rd1 a6 18. Qf3 Ba7 19. Ng4 Re6 20. Nxf6+ Nxf6 21. Rf4 b5 22. axb5 axb5 23. Ne3 Rc8 24. Ng4 Rcc6 25. Nxf6+ gxf6 26. Bh4 Kh8 27. Bf2 Red6 28. d5 Bxf2+ 29. Qxf2 Rxd5 30. Rfd4 Rxd4 31. Rxd4 Rc1+ 32. Qf1 Qxd4+ 0-1

[Event "Nuremberg Zabo op 20th"]
[Site "Nuremberg"]
[Date "2018.09.15"]
[Round "3"]
[White "Mankus, Siegfried"]
[Black "Oezdemir, Emrehan"]
[Result "0-1"]
[WhiteElo "1564"]
[BlackElo "1322"]
[PlyCount "140"]
[EventDate "2018.09.15"]
[EventType "swiss"]
[EventRounds "5"]
[EventCountry "GER"]
[SourceTitle "EXT 2020"]
[Source "ChessBase"]
[SourceDate "2019.10.17"]
[SourceVersion "1"]
[SourceVersionDate "2019.10.17"]
[SourceQuality "1"]

1. d4 e6 2. c4 b6 3. Nf3 Bb7 4. Nc3 Nf6 5. Bg5 Be7 6. e3 d5 7. Rc1 Nbd7 8. Be2 0-0 9. 0-0 dxc4 10. Bxc4 c5 11. a3 Rc8 12. dxc5 Rxc5 13. Ba2 Bxf3 14. Qxf3 Rxg5 15. Ne4 Nxe4 16. Qxe4 Qa8 17. Qxa8 Rxa8 18. Rc7 Rd8 19. Rd1 Rc5 20. Rxa7 Nf8 21. Rb1 Bf6 22. Ra4 Rdc8 23. g3 Rc1+ 24. Rxc1 Rxc1+ 25. Kg2 Bxb2 26. Rb4 Bxa3 27. Rxb6 g6 28. Ra6 Bb4 29. Rb6 Be1 30. Rb2 Nd7 31. Re2 Ne5 32. f3 Rd1 33. e4 Rd2 34. Rxd2 Bxd2 35. Bb1 Kg7 36. Ba2 h5 37. Bb3 Kh6 38. f4 Nd3 39. Ba2 h4 40. Bc4 Nc5 41. Kf3 hxg3 42. hxg3 Be1 43. g4 Nd7 44. Bb3 Nc5 45. Bc2 f6 46. Bb1 Nb3 47. Ba2 Nd4+ 48. Ke3 e5 49. fxe5 fxe5 50. Bc4 Kg5 51. Bf7 Bg3 52. Be8 Bf4+ 53. Kf2 Nc2 54. Bd7 Ne3 55. Kf3 Nf1 56. Kg2 Nh2 57. Kh3 Nf3 58. Kg2 Nd2 59. Bc6 Kxg4 60. Be8 g5 61. Bg6 Nc4 62. Bf5+ Kh4 63. Kf3 Nd2+ 64. Kf2 g4 65. Kg2 Nc4 66. Be6 Ne3+ 67. Kf2 Kh3 68. Bd7 Kh2 69. Bxg4 Nxg4+ 70. Kf3 Nf6 0-1